| 000 | 003810000a22000970004500 | ||
|---|---|---|---|
| 100 | 1 | _aBandow, Doug | |
| 245 | 1 | 0 | _aThe role of government : Promoting development or getting out of the way. How interventionism impides economic growth and perpetuates poverty in underdeveloped countries |
| 300 | _aVol. 47, Num 3 (Marzo, 1997), Páginas 135-140 | ||
| 773 | 0 | _tThe Freeman | |
| 942 | _cANA | ||
| 999 |
_c56655 _d56655 |
||